000 00435nam a2200181Ia 4500
001 357
005 20260306140512.0
008 260306t1978||||xx |||||||||||||| ||spa||
041 _aESP
082 _a101
_bV62
100 _aVicens, Toni
_eAUT
245 0 _aCol legi de filosofía :
_bmaneras de hacer filosofía
260 _c1978
300 _a267 páginas :
_c18 cm.
650 _aGEN
654 _aCHU
942 _cLIB
_dJUS
_fJUS
_2ddc
_n
999 _c357
_d357